000 00430nam a2200169 a 4500
005 20140414132141.0
008 140203s19uu xx 00 eng d
020 _a9780909718284
050 _aREF 567.7
_bWa29 2001
100 _aWatson, Brown
245 _aDinosaurs A-Z.
260 _aNew York :
_bScholastic, Inc,
_cc2001.
300 _a253
650 _aDinosaur-
_xkinds.
700 _aSpurgeon, Maureen
999 _c115350
_d115350